[Event "Rottach Egern Seniors Cup 12th"]
[Site "Rottach Egern"]
[Date "2024.04.06"]
[Round "1"]
[White "Thonig, Manfred"]
[Black "Gerl, Hans Peter"]
[Result "0-1"]
[WhiteElo "1726"]
[BlackElo "1952"]
[PlyCount "76"]
[EventDate "2024.04.06"]
[EventType "swiss"]
[EventRounds "9"]
[EventCountry "GER"]
[SourceTitle "CB16_2024"]
[SourceDate "2024.04.17"]
[SourceVersion "1"]
[SourceVersionDate "2024.04.17"]
[SourceQuality "1"]

1. f4 Nf6 2. Nf3 g6 3. e3 Bg7 4. Be2 0-0 5. 0-0 b6 6. Nc3 Bb7 7. b3 Nd5 8. Bb2 Bxc3 9. Bxc3 Nxc3 10. dxc3 d6 11. Ng5 h6 12. Nf3 Nd7 13. Qe1 e6 14. Rd1 Qf6 15. Qd2 Rfd8 16. Qd4 e5 17. fxe5 dxe5 18. Qc4 Qe7 19. Nh4 Nf8 20. Bd3 e4 21. Nxg6 Nxg6 22. Be2 Rxd1 23. Rxd1 Rd8 24. Rf1 c5 25. Bh5 Ne5 26. Qe2 Qg5 27. g4 Nf3+ 28. Kh1 Rd2 29. Bxf7+ Kg7 30. Qxd2 Nxd2 31. Rf5 Qxe3 32. Bh5 Qe1+ 33. Kg2 e3+ 34. Kh3 Qh1 35. g5 Qg2+ 36. Kh4 Qxh2+ 37. Kg4 Bc8 38. gxh6+ Kxh6 0-1

[Event "Rheinland Pfalz Seniors op"]
[Site "Altenkirchen"]
[Date "2023.09.11"]
[Round "7"]
[White "Haubt, Georg"]
[Black "Gerl, Hans Peter"]
[Result "0-1"]
[WhiteElo "2082"]
[BlackElo "1888"]
[PlyCount "54"]
[EventDate "2023.09.05"]
[EventType "swiss"]
[EventRounds "9"]
[EventCountry "GER"]
[SourceTitle "EXT 2024"]
[Source "ChessBase"]
[SourceDate "2023.10.10"]
[SourceVersion "1"]
[SourceVersionDate "2023.10.10"]
[SourceQuality "1"]

1. d4 Nf6 2. Bf4 c6 3. e3 g6 4. c4 Bg7 5. Be2 0-0 6. h4 h6 7. Nf3 d5 8. Ne5 Nbd7 9. Nd2 e6 10. h5 g5 11. Bg3 Nxe5 12. Bxe5 b6 13. f4 gxf4 14. exf4 Ba6 15. g4 Ne4 16. Nxe4 Bxe5 17. dxe5 dxe4 18. Qc2 Qd4 19. Rf1 Rfd8 20. Rc1 Qe3 21. Rf2 Rd4 22. Kf1 Qh3+ 23. Rg2 c5 24. Qc3 e3 25. Kg1 Bb7 26. Bf1 Rd2 27. Qxd2 exd2 0-1

[Event "Altenkirchen Seniors op 19th"]
[Site "Altenkirchen"]
[Date "2022.07.25"]
[Round "7"]
[White "Gerl, Hans Peter"]
[Black "Bertram, Thomas"]
[Result "1-0"]
[WhiteElo "1954"]
[BlackElo "1727"]
[PlyCount "37"]
[EventDate "2022.07.19"]
[EventType "swiss"]
[EventRounds "9"]
[EventCountry "GER"]
[SourceTitle "CBM 209 Extra"]
[Source "ChessBase"]
[SourceDate "2022.09.30"]
[SourceVersion "1"]
[SourceVersionDate "2022.09.30"]
[SourceQuality "1"]

1. d4 Nf6 2. c4 c5 3. d5 b5 4. cxb5 a6 5. b6 Qxb6 6. Nc3 d6 7. e4 Bd7 8. h3 g6 9. Nf3 Bg7 10. Bc4 Bb5 11. Qb3 Nbd7 12. Nxb5 axb5 13. Bxb5 0-0 14. Nd2 Ne5 15. 0-0 Rfb8 16. a4 c4 17. Nxc4 Nxc4 18. Qxc4 Rc8 19. Qd3 1-0

[Event "Altenkirchen Seniors op 19th"]
[Site "Altenkirchen"]
[Date "2022.07.24"]
[Round "6"]
[White "Gerl, Hans Peter"]
[Black "Kurpiela, Franz"]
[Result "0-1"]
[WhiteElo "1954"]
[BlackElo "1782"]
[PlyCount "130"]
[EventDate "2022.07.19"]
[EventType "swiss"]
[EventRounds "9"]
[EventCountry "GER"]
[SourceTitle "CBM 209 Extra"]
[Source "ChessBase"]
[SourceDate "2022.09.30"]
[SourceVersion "1"]
[SourceVersionDate "2022.09.30"]
[SourceQuality "1"]

1. d4 Nf6 2. c4 e6 3. Nf3 d5 4. Bg5 h6 5. Bh4 Nbd7 6. e3 c6 7. Nc3 Bb4 8. a3 Bxc3+ 9. bxc3 Qa5 10. Qb3 Ne4 11. Rc1 Nb6 12. Qb4 Qxb4 13. cxb4 a5 14. c5 Nd7 15. b5 f6 16. Be2 Kf7 17. Nd2 Nxd2 18. Kxd2 e5 19. Rb1 Re8 20. Bg4 exd4 21. bxc6 dxe3+ 22. fxe3 bxc6 23. Bxd7 Bxd7 24. Rb7 Re7 25. Bg3 Bf5 26. Rb6 Re6 27. Bd6 Rae8 28. Rb7+ Kg6 29. g4 Be4 30. Rg1 Bf3 31. Bf4 d4 32. Rg3 dxe3+ 33. Ke1 Bd5 34. h4 Re4 35. g5 fxg5 36. hxg5 h5 37. Bd6 Ra4 38. Rd7 Rxa3 39. Bf4 Bc4 40. Rd6+ Kf5 41. Rf3 Ra1+ 42. Rd1 Rxd1+ 43. Kxd1 Kg4 44. Rxe3 Rd8+ 45. Bd6 Kxg5 46. Kc2 Kg6 47. Rg3+ Kh7 48. Rg5 g6 49. Re5 Rg8 50. Kc3 Bb5 51. Re7+ Rg7 52. Re8 g5 53. Be5 Rf7 54. Kd4 h4 55. Ke4 Kg6 56. Re6+ Kh5 57. Bf6 h3 58. Be5 a4 59. Re8 Kg4 60. Rd8 Rf1 61. Rd2 Re1+ 62. Kd4 Kf3 63. Bf6 g4 64. Rc2 Re4+ 65. Kc3 Rc4+ 0-1

[Event "Altenkirchen Seniors op 19th"]
[Site "Altenkirchen"]
[Date "2022.07.23"]
[Round "5"]
[White "Hotz, Herbert"]
[Black "Gerl, Hans Peter"]
[Result "0-1"]
[WhiteElo "1513"]
[BlackElo "1954"]
[PlyCount "94"]
[EventDate "2022.07.19"]
[EventType "swiss"]
[EventRounds "9"]
[EventCountry "GER"]
[SourceTitle "CBM 209 Extra"]
[Source "ChessBase"]
[SourceDate "2022.09.30"]
[SourceVersion "1"]
[SourceVersionDate "2022.09.30"]
[SourceQuality "1"]

1. c4 e5 2. g3 Nf6 3. Bg2 Nc6 4. Nc3 Bb4 5. Nd5 Bc5 6. a3 a5 7. e3 0-0 8. Ne2 Re8 9. 0-0 d6 10. h3 Bd7 11. Nec3 Rb8 12. Ne4 Nxe4 13. Bxe4 f5 14. Bg2 Ne7 15. d4 Ba7 16. b4 c6 17. Nxe7+ Rxe7 18. Bb2 Bb6 19. Bc3 Ra8 20. Qd2 e4 21. d5 cxd5 22. cxd5 Bb5 23. Rfe1 a4 24. Bf1 Qe8 25. Bd4 Bxd4 26. Qxd4 Bxf1 27. Kxf1 Qb5+ 28. Kg2 Re5 29. Rad1 b6 30. f4 exf3+ 31. Kxf3 Rc8 32. Rd2 h6 33. Kf2 Rce8 34. Kf3 Re4 35. Qc3 Qd7 36. Qc6 Qd8 37. Qxa4 f4 38. gxf4 Qh4 39. Qd1 Qxh3+ 40. Kf2 Rxe3 41. Rxe3 Qxe3+ 42. Kg2 Qxf4 43. Rf2 Qg5+ 44. Kf1 Rc8 45. Qf3 Rc1+ 46. Ke2 Qe5+ 47. Kd3 Rc3+ 0-1

[Event "Altenkirchen Seniors op 19th"]
[Site "Altenkirchen"]
[Date "2022.07.21"]
[Round "3"]
[White "Bruns, Patrick"]
[Black "Gerl, Hans Peter"]
[Result "1-0"]
[WhiteElo "1748"]
[BlackElo "1954"]
[PlyCount "129"]
[EventDate "2022.07.19"]
[EventType "swiss"]
[EventRounds "9"]
[EventCountry "GER"]
[SourceTitle "CBM 209 Extra"]
[Source "ChessBase"]
[SourceDate "2022.09.30"]
[SourceVersion "1"]
[SourceVersionDate "2022.09.30"]
[SourceQuality "1"]

1. e4 c5 2. Nf3 d6 3. Bb5+ Nd7 4. 0-0 e6 5. Re1 a6 6. Bf1 Ngf6 7. c3 Be7 8. d4 0-0 9. e5 Ne8 10. a4 b6 11. b3 Bb7 12. Ra2 Rc8 13. c4 cxd4 14. exd6 Bxd6 15. Nxd4 Qc7 16. g3 Nef6 17. Bg2 Bb4 18. Bd2 Bc5 19. Bc3 Rcd8 20. Bxb7 Qxb7 21. Qf3 Qxf3 22. Nxf3 a5 23. Nbd2 Be7 24. Nd4 Rc8 25. N4f3 Nc5 26. Ne5 Rfd8 27. Re3 Na6 28. Ndf3 Rd1+ 29. Kg2 Rcd8 30. Nc6 R8d7 31. Nfe5 Rc7 32. Nxe7+ Rxe7 33. Rd2 Rxd2 34. Bxd2 Nc5 35. Bc1 Rc7 36. Ba3 h6 37. Bxc5 bxc5 38. Rd3 Rb7 39. f3 Kh7 40. Kf2 g5 41. g4 Kg7 42. Ke2 Kf8 43. Ke3 Ke7 44. Nc6+ Kf8 45. Rd8+ Kg7 46. Nxa5 Rc7 47. Rd6 Nd7 48. Nc6 Nb6 49. Ne5 Rb7 50. a5 Nc8 51. Rd3 Ra7 52. Rd8 Ne7 53. Rd7 Nc6 54. Rxa7 Nxa7 55. a6 Kf8 56. Nd7+ Ke7 57. Nxc5 Kd6 58. b4 Kc6 59. Nb3 e5 60. Ke4 f6 61. Kf5 Kb6 62. b5 Nc8 63. Ke6 Kc7 64. c5 Kd8 65. b6 1-0

[Event "Altenkirchen Seniors op 19th"]
[Site "Altenkirchen"]
[Date "2022.07.20"]
[Round "2"]
[White "Gerl, Hans Peter"]
[Black "Huelsmann, Josef"]
[Result "0-1"]
[WhiteElo "1954"]
[BlackElo "2212"]
[PlyCount "68"]
[EventDate "2022.07.19"]
[EventType "swiss"]
[EventRounds "9"]
[EventCountry "GER"]
[SourceTitle "CBM 209 Extra"]
[Source "ChessBase"]
[SourceDate "2022.09.30"]
[SourceVersion "1"]
[SourceVersionDate "2022.09.30"]
[SourceQuality "1"]

1. d4 e6 2. c4 d5 3. Nf3 c6 4. Nc3 Nd7 5. Bg5 Ngf6 6. e3 Qa5 7. Nd2 Bb4 8. Qc2 dxc4 9. Bxf6 Nxf6 10. Nxc4 Qc7 11. a3 Be7 12. Be2 0-0 13. 0-0 b6 14. Bf3 Bb7 15. Rac1 Rac8 16. g3 Rfd8 17. Rfd1 c5 18. Nb5 Qb8 19. Bxb7 Qxb7 20. dxc5 Rxd1+ 21. Qxd1 Rxc5 22. Ncd6 Qd7 23. Rxc5 bxc5 24. g4 a6 25. Qf3 axb5 26. Qa8+ Bf8 27. g5 Qxd6 28. gxf6 Qd1+ 29. Kg2 gxf6 30. Qb8 Qd5+ 31. Kg1 c4 32. h4 h6 33. Qe8 Qe5 34. a4 Qxb2 0-1

[Event "Rottach Egern Seniors Cup 10th"]
[Site "Rottach Egern"]
[Date "2022.03.29"]
[Round "4"]
[White "Gerl, Hans Peter"]
[Black "Wagner Michel, Annett"]
[Result "0-1"]
[WhiteElo "1948"]
[BlackElo "2098"]
[PlyCount "102"]
[EventDate "2022.03.26"]
[EventType "swiss"]
[EventRounds "9"]
[EventCountry "GER"]
[SourceTitle "CBM 207 Extra"]
[Source "ChessBase"]
[SourceDate "2022.05.31"]
[SourceVersion "1"]
[SourceVersionDate "2022.05.31"]
[SourceQuality "1"]

1. d4 d5 2. c4 e6 3. Nf3 Nf6 4. Bg5 Be7 5. Nc3 h6 6. Bh4 0-0 7. e3 b6 8. cxd5 exd5 9. h3 Bb7 10. Bd3 Nbd7 11. 0-0 Ne4 12. Bxe7 Qxe7 13. Qb3 Ndf6 14. Rad1 a5 15. Ne5 Nxc3 16. Qxc3 c5 17. dxc5 bxc5 18. Rfe1 Rfc8 19. Bb1 a4 20. Ng4 Ne4 21. Qc2 f5 22. Nh2 a3 23. Nf1 Qf6 24. f3 Nd6 25. b3 Ra7 26. Qf2 Ba8 27. b4 Rac7 28. bxc5 Rxc5 29. Nd2 Nb5 30. Nb3 R5c7 31. Rc1 Rxc1 32. Nxc1 Qb2 33. Qxb2 axb2 34. Nd3 Na3 35. Nxb2 Rb8 36. Bxf5 Rxb2 37. Rc1 Kf7 38. Rc7+ Kf6 39. g4 Nc4 40. Ra7 Bb7 41. a4 Nxe3 42. Bd3 Nc4 43. a5 Ne5 44. a6 Nxd3 45. Rxb7 Ra2 46. a7 g5 47. Kf1 Ke5 48. Rh7 Kf4 49. Rf7+ Kg3 50. Rd7 Rf2+ 51. Kg1 Re2 0-1

[Event "Bad Woerishofen Seniors op 36th"]
[Site "Bad Woerishofen"]
[Date "2020.03.13"]
[Round "8"]
[White "Daeubler, Heinrich"]
[Black "Gerl, Hans Peter"]
[Result "1-0"]
[WhiteElo "2127"]
[BlackElo "1947"]
[PlyCount "99"]
[EventDate "2020.03.05"]
[EventType "swiss"]
[EventRounds "9"]
[EventCountry "GER"]
[SourceTitle "CBM 195 Extra"]
[Source "ChessBase"]
[SourceDate "2020.05.31"]
[SourceVersion "1"]
[SourceVersionDate "2020.05.31"]
[SourceQuality "1"]

1. d4 Nf6 2. Nf3 e6 3. g3 b6 4. Bg2 Bb7 5. 0-0 Be7 6. c4 0-0 7. d5 exd5 8. Nh4 c6 9. cxd5 Nxd5 10. Nf5 Bc5 11. e4 Ne7 12. Nxg7 Ba6 13. Nh5 Ng6 14. Re1 f6 15. Bh6 Rf7 16. Nc3 Bc4 17. Bh3 Qe8 18. a3 a5 19. Na4 Na6 20. Bxd7 Qe7 21. Bxc6 Rd8 22. Bd5 Kh8 23. Nxc5 Nxc5 24. Bxc4 Rxd1 25. Raxd1 Ne5 26. Bxf7 Nxf7 27. Bg7+ Kg8 28. Bxf6 Qe6 29. e5 Qf5 30. Ng7 Qf3 31. Rd4 Nd3 32. Rf1 Ndxe5 33. Bxe5 Nxe5 34. Ne6 Qf6 35. Rd8+ Kf7 36. Rf8+ Kxe6 37. Rxf6+ Kxf6 38. Rc1 Kf5 39. Rc7 h5 40. h4 Kg4 41. Kg2 Nd3 42. Rf7 Ne1+ 43. Kf1 Nd3 44. Rg7+ Kf3 45. Rb7 Nxb2 46. Rxb6 Nc4 47. Rf6+ Ke4 48. Rf4+ Kd5 49. Rxc4 Kxc4 50. g4 1-0

[Event "GER-ch Seniors 65 31st"]
[Site "Radebeul"]
[Date "2019.05.01"]
[Round "6"]
[White "Gerl, Hans Peter"]
[Black "Lomer, Edmund"]
[Result "1-0"]
[WhiteElo "1975"]
[BlackElo "2053"]
[PlyCount "119"]
[EventDate "2019.04.26"]
[EventType "swiss"]
[EventRounds "9"]
[EventCountry "GER"]
[SourceTitle "CBM 190 Extra"]
[Source "ChessBase"]
[SourceDate "2019.07.15"]
[SourceVersion "1"]
[SourceVersionDate "2019.07.15"]
[SourceQuality "1"]

1. d4 Nf6 2. c4 e6 3. Nf3 Bb4+ 4. Nbd2 b6 5. a3 Bxd2+ 6. Bxd2 Bb7 7. Bg5 d6 8. e3 Nbd7 9. Bd3 h6 10. Bh4 Qe7 11. 0-0 0-0 12. Re1 e5 13. dxe5 Nxe5 14. Nxe5 Qxe5 15. Qc2 Rfe8 16. f3 a5 17. Rac1 a4 18. Bf5 Bc6 19. Bg3 Qc5 20. Bf2 Qe5 21. Bg3 Qe7 22. Qc3 Bd7 23. Bb1 Ra5 24. Bh4 g5 25. Bf2 Qe5 26. Qc2 Bf5 27. e4 Bg6 28. Qd2 Nh5 29. g3 Qe6 30. Kg2 Nf6 31. Bd4 Nd7 32. Bc3 Raa8 33. Ba2 Nc5 34. h4 f6 35. hxg5 hxg5 36. Rcd1 Kf7 37. Qd4 Rh8 38. Rh1 Rae8 39. Bb1 Nd7 40. Qd5 Qxd5 41. cxd5 Nc5 42. Rxh8 Rxh8 43. g4 Re8 44. Bd4 Rb8 45. Bc2 Kg8 46. Rd2 Be8 47. Kg3 Bb5 48. f4 gxf4+ 49. Kxf4 Kf7 50. Rh2 Rg8 51. Rh7+ Rg7 52. Rxg7+ Kxg7 53. g5 Kf7 54. Bxf6 c6 55. Kf5 cxd5 56. g6+ Kg8 57. exd5 Bd7+ 58. Kg5 b5 59. Kh6 Nb3 60. g7 1-0

[Event "GER-chT Laender Seniors 50+"]
[Site "Templin"]
[Date "2018.09.16"]
[Round "7.8"]
[White "Gerl, Hans Peter"]
[Black "Schumacher, Norbert"]
[Result "1/2-1/2"]
[WhiteElo "2019"]
[BlackElo "2166"]
[PlyCount "28"]
[EventDate "2018.09.10"]
[EventType "team-tourn"]
[EventRounds "7"]
[EventCountry "GER"]
[SourceTitle "EXT 2020"]
[Source "ChessBase"]
[SourceDate "2019.10.17"]
[SourceVersion "1"]
[SourceVersionDate "2019.10.17"]
[SourceQuality "1"]
[WhiteTeam "Bayern"]
[BlackTeam "Hamburg"]
[WhiteTeamCountry "GER"]
[BlackTeamCountry "GER"]

1. d4 d5 2. c4 c6 3. Nf3 Nf6 4. e3 e6 5. Bd3 Nbd7 6. 0-0 dxc4 7. Bxc4 b5 8. Bd3 a6 9. a4 Bb7 10. Nc3 b4 11. Ne4 c5 12. Nxc5 Nxc5 13. dxc5 Bxc5 14. b3 0-0 1/2-1/2

[Event "Arber Seniors op 6th"]
[Site "Bayerisch Eisenstein"]
[Date "2018.08.01"]
[Round "5"]
[White "Glaessl, Matthias"]
[Black "Gerl, Hans Peter"]
[Result "1-0"]
[WhiteElo "2071"]
[BlackElo "2036"]
[PlyCount "91"]
[EventDate "2018.07.28"]
[EventType "swiss"]
[EventRounds "9"]
[EventCountry "GER"]
[SourceTitle "CBM 185 Extra"]
[Source "ChessBase"]
[SourceDate "2018.07.29"]
[SourceVersion "1"]
[SourceVersionDate "2018.07.29"]
[SourceQuality "1"]

1. e4 c5 2. Nf3 d6 3. d4 cxd4 4. Nxd4 Nf6 5. Nc3 a6 6. h3 e6 7. g4 Be7 8. Bg2 Qc7 9. 0-0 0-0 10. Re1 Nbd7 11. g5 Ne8 12. f4 Nc5 13. Nf5 Bd8 14. Nd4 b5 15. a3 Bb7 16. Qg4 e5 17. Nf5 Ne6 18. fxe5 dxe5 19. Be3 Nd6 20. Nxd6 Qxd6 21. Rad1 Qc7 22. Rd2 Bc6 23. Nd5 Qb7 24. Qg3 Re8 25. c3 Rc8 26. h4 a5 27. Qf2 Nf4 28. Nxf4 exf4 29. Bxf4 Bxe4 30. Rxe4 Rxe4 31. Rd4 Bb6 32. Bxe4 Qa7 33. Be3 Bxd4 34. Bxd4 Qe7 35. Qf5 Qe6 36. Qxh7+ Kf8 37. Qxg7+ Ke8 38. Qe5 Qxe5 39. Bxe5 Ke7 40. h5 Ke6 41. Bd4 Rg8 42. g6 f5 43. Bd3 f4 44. g7 Kf7 45. h6 f3 46. Kf2 1-0

[Event "Arber Seniors op 6th"]
[Site "Bayerisch Eisenstein"]
[Date "2018.07.29"]
[Round "2"]
[White "Gerl, Hans Peter"]
[Black "Schmitt, Harald"]
[Result "1-0"]
[WhiteElo "2036"]
[BlackElo "1881"]
[PlyCount "57"]
[EventDate "2018.07.28"]
[EventType "swiss"]
[EventRounds "9"]
[EventCountry "GER"]
[SourceTitle "CBM 185 Extra"]
[Source "ChessBase"]
[SourceDate "2018.07.29"]
[SourceVersion "1"]
[SourceVersionDate "2018.07.29"]
[SourceQuality "1"]

1. d4 d5 2. c4 e6 3. Nf3 Nf6 4. Bg5 Bb4+ 5. Nc3 0-0 6. Qb3 Bxc3+ 7. bxc3 c6 8. e3 Nbd7 9. Bd3 Qc7 10. Bf4 Qd8 11. h3 Ne8 12. Qc2 f5 13. cxd5 cxd5 14. 0-0 h6 15. c4 Ndf6 16. Rab1 b6 17. Ne5 Ba6 18. cxd5 Bxd3 19. Qxd3 Nxd5 20. Bh2 Ne7 21. Rbc1 Nf6 22. f3 Qd5 23. Qa3 Qb7 24. Qd6 Ned5 25. Qxe6+ Kh7 26. Qxf5+ Kg8 27. Qd3 Rae8 28. e4 Nb4 29. Qc4+ 1-0

[Event "Landesliga Nord 1718"]
[Site "Bayern"]
[Date "2017.11.26"]
[Round "3.6"]
[White "Gerl, Hans Peter"]
[Black "Dechant, Georg"]
[Result "0-1"]
[WhiteElo "1918"]
[BlackElo "2005"]
[PlyCount "102"]
[EventDate "2017.10.22"]
[EventType "team-tourn"]
[EventRounds "9"]
[EventCountry "GER"]
[SourceTitle "EXT 2022"]
[Source "ChessBase"]
[SourceDate "2021.10.06"]
[SourceVersion "1"]
[SourceVersionDate "2021.10.06"]
[SourceQuality "1"]
[WhiteTeam "Zirndorf"]
[BlackTeam "Regensburg Bavaria"]
[WhiteTeamCountry "GER"]
[BlackTeamCountry "GER"]

1. d4 Nf6 2. c4 c5 3. d5 e6 4. Nc3 exd5 5. cxd5 d6 6. e4 g6 7. Bb5+ Nbd7 8. a4 Bg7 9. Nf3 0-0 10. 0-0 a6 11. Be2 Re8 12. Qc2 Qc7 13. a5 Rb8 14. h3 b5 15. axb6 Qxb6 16. Nd2 Ne5 17. f4 Ned7 18. Nc4 Qc7 19. Na5 Rb4 20. Bf3 Bb7 21. e5 dxe5 22. d6 Qxd6 23. Bxb7 exf4 24. Rd1 Rd4 25. Nc4 Rxd1+ 26. Qxd1 Qxd1+ 27. Nxd1 Re1+ 28. Kf2 Rxd1 29. Ke2 Rd4 30. Bxa6 g5 31. Bb5 h6 32. Ra8+ Kh7 33. b3 Re4+ 34. Kf3 Re7 35. Bb2 Nd5 36. Bxg7 Kxg7 37. Nd6 Ne5+ 38. Kf2 Re6 39. Nc4 Nc7 40. Rb8 Nxb5 41. Rxb5 Nd3+ 42. Kg1 Re1+ 43. Kh2 Nf2 44. g4 Nd3 45. Nd6 Re2+ 46. Kg1 Re6 47. Nf5+ Kg6 48. Rb8 f3 49. Ng3 Re1+ 50. Nf1 Re2 51. Rd8 Rg2+ 0-1

[Event "Nuremberg Zabo op 19th"]
[Site "Nuremberg"]
[Date "2017.09.17"]
[Round "5"]
[White "Gerl, Hans Peter"]
[Black "Walter, Stefan2222"]
[Result "1-0"]
[WhiteElo "1955"]
[BlackElo "1805"]
[PlyCount "42"]
[EventDate "2017.09.15"]
[EventType "swiss"]
[EventRounds "5"]
[EventCountry "GER"]
[SourceTitle "EXT 2022"]
[Source "ChessBase"]
[SourceDate "2021.10.06"]
[SourceVersion "1"]
[SourceVersionDate "2021.10.06"]
[SourceQuality "1"]

1. d4 Nf6 2. c4 e6 3. Nf3 b6 4. a3 Bb7 5. Nc3 d5 6. cxd5 Nxd5 7. Qc2 Ba6 8. Ne5 Qc8 9. e4 Bxf1 10. Kxf1 Nxc3 11. bxc3 Qa6+ 12. Kg1 Bd6 13. f4 0-0 14. h3 Bxe5 15. fxe5 Qc4 16. Kh2 c5 17. Rd1 cxd4 18. Rxd4 Qc5 19. Bf4 Nc6 20. Rd3 Rfd8 21. Rad1 Kf8 1-0